| 000 | 01190pam a2200373 ia4500 | ||
|---|---|---|---|
| 999 |
_c170793 _d170793 |
||
| 001 | vtls000814858 | ||
| 003 | PNM | ||
| 005 | 20190103144000.0 | ||
| 008 | 160921s2018 my ab j 000 0 may | ||
| 015 | _aM18-01277 | ||
| 020 |
_a9789670929255 _qset _cRM169.00 |
||
| 020 |
_a9789670929323 _qpaperback |
||
| 039 | 9 |
_a201804061227 _banis_o _c201802021610 _dndiana _c201801250917 _dsuriani _c201801171340 _dkhuraisah |
|
| 040 |
_aBNM _beng _cBNM _erda _dPPAK |
||
| 049 | _amal | ||
| 082 | 0 | 4 |
_a959.5 _223 |
| 090 | 0 | 0 |
_a959.5 _bELS _dK |
| 100 | 0 |
_aElsyahmie, _eauthor. |
|
| 245 | 1 | 0 |
_aDol Said / _cElsyahmie |
| 264 | 1 |
_aKuala Lumpur : _bPenerbit Sinar Cemerlang, _c[2018?] |
|
| 300 |
_aii, 38 pages : _billustrations, maps ; _c23 cm. |
||
| 336 |
_atext _2rdacontent |
||
| 337 |
_aunmediated _2rdamedia |
||
| 338 |
_avolume _2rdacarrier |
||
| 490 | 1 | _aSIRI PEJUANG MELAWAN PENJAJAH | |
| 650 | 1 | 0 |
_aNationalists _zMalaysia _vJuvenile literature |
| 650 | 2 | 0 |
_aHeroes _zMalaysia _vJuvenile literature |
| 651 | 0 |
_aMalaysia _xHistory _vJuvenile literature |
|
| 830 | 0 | _aSiri pejuang melawan penjajah | |
| 942 |
_2ddc _cB |
||
| 949 | _62000602587 | ||
| 949 | _62000602588 | ||
| 949 | _62000602589 | ||